Stolice Polski - Statystyki

Ogólne statystyki
  • Ten quiz został rozwiązany 73 071 razy
  • Średni wynik to 3 z 7
Statystyki odpowiedzi
Hint Odpowiedź % Poprawnych
ok. 940-1039/1040 Gniezno i Poznań
96%
1039/1040-1079 Kraków
82%
1815-1831; 1918-1939; od 1945 Warszawa
67%
1296-1795 Kraków
41%
1138-1290 Kraków
25%
1290-1296 Poznań
19%
1079-1138 Płock
17%
Nie znaleziono quizów pasujących do podanych kryteriów
Rozkład punktacji
Procent ludzi z każdym wynikiem
Percentyl według liczby udzielonych odpowiedzi
Twoja historia wyników
Nie rozwiązałeś tego quizu